000 01269cam a22003614a 4500
999 _c4720
_d4720
001 15324728
003 OSt
005 20191029162013.0
008 080606s2009 enka b 001 0 eng
010 _a 2008025429
015 _aGBA8A9468
_2bnb
016 7 _a101475961
_2DNLM
016 7 _a014754242
_2Uk
020 _a9780521881043 (hardback)
020 _a0521881048 (hardback)
020 _a9780521707428 (pbk.)
020 _a0521707420 (pbk.)
035 _a(OCoLC)ocn231787221
035 _a(OCoLC)231787221
040 _aDNLM/DLC
_cDLC
_dNLM
_dOCLCG
_dBTCTA
_dUKM
_dYDXCP
_dC#P
_dDLC
042 _apcc
082 0 0 _aW 21
_bT253r 2009
100 _aEdited by Richard L. Cruess; Sylvia, R. Cruess; Yvonne, Steinert.
_913007
245 0 0 _aTeaching Medical Professionalism
260 _aCambridge ;
_aNew York :
_bCambridge University Press,
_c2009.
300 _axvi, 310 p. :
_bill. ;
_c26 cm.
504 _aIncludes bibliographical references and index.
650 0 _aMedical ethics
_92009
856 4 1 _3Table of contents only
_uhttp://www.loc.gov/catdir/toc/fy0903/2008025429.html
906 _a7
_bcbc
_corignew
_d1
_eecip
_f20
_gy-gencatlg
942 _2z
_cO_SHELF